Vplyv rohového rádiusu frézy na rezné sily

Enregistré dans:
Détails bibliographiques
Auteur principal: Gyárfás, Marek, 1989- (Auteur)
Autres auteurs: Kováč, Martin, 1984- (Directeur de thèse)
Format: Manuscrit Livre
Langue:slovaque
Publié: Trnava : STU v Bratislave MTF UVTE, 2013
Sujets:
Accès en ligne:VAIS
Tags: Ajouter un tag
Pas de tags, Soyez le premier à ajouter un tag!

MARC

LEADER 00000ntm a22000003a 4500
001 stu268043
005 20160719160734.8
008 130612s2013----xo------------------slo-d
040 |a STU  |b slo 
041 0 |a slo 
044 |a xo 
100 1 |a Gyárfás, Marek,  |d 1989-  |4 aut  |X 56865  |7 A000056865 
242 0 0 |a Effect corner radius of milling cutter on cutting forces  |y eng 
245 1 |a Vplyv rohového rádiusu frézy na rezné sily 
260 |a Trnava :  |b STU v Bratislave MTF UVTE,  |c 2013 
650 7 |a počítačová podpora návrhu a výroby  |2 stusub 
650 7 |a Computer-Aided Design and Production  |2 estusub 
650 7 |a rezná sila  |2 stusub 
650 7 |a fréza  |2 stusub 
700 1 |a Kováč, Martin,  |d 1984-  |4 ths  |u M3000  |U MTF Materiálovotechnologická fakulta  |T MTF Ústav výrobných technológií  |X 32952  |U M3000  |Y 83  |7 A000032952 
856 4 |a info a plný text  |u http://is.stuba.sk/zp/portal_zp.pl?podrobnosti=91030  |3 VAIS 
996 |c M*DP-11146  |l MMSKP  |s P  |a 0  |w stu268043_0001